000 00378nam a22001457a 4500
999 _c12941
_d12941
008 211228b ||||| |||| 00| 0 eng d
020 _cRs.22.00
041 0 _aeng
100 _91282
_aMuthuswamy, P.
245 1 0 _aSwamy's addresses and telephones /
260 _aNew Delhi:
_bSwamy Publications,
_c.
300 _a.
650 0 _aDirectory
_xExecutive Departments
942 _cBK